| 000 | 00491nam a22001697a 4500 | ||
|---|---|---|---|
| 999 |
_c525267 _d525267 |
||
| 003 | NUST | ||
| 038 | _awaseem | ||
| 082 |
_a891.491 _bLAD |
||
| 100 |
_aLadhanvi, Abdul Ghafur Azhar _916007 |
||
| 245 |
_aNaginay Punjabi Aakhan / _cAbdul Ghafur Azhar Ladhanvi |
||
| 260 |
_aLahore : _bAziz Publishers, _c1991. |
||
| 300 | _a144 p. ; | ||
| 500 | _aHardcover. | ||
| 880 |
_6100-01\r _aعبدالغفور اظہر |
||
| 880 |
_6245-02\r _aنگینے پنجابی آکھان / |
||
| 942 |
_2ddc _cBK |
||